Dead man's island

Mr Ross lives on an island where no visitors come. He stops people from taking photographs of him. He is young and rich, but he looks sad. And there is one room in his house which is always locked. Carol Sanders and her mother come to the island to work for Mr Ross. Carol soon decides that there is...

Deskribapen osoa

Gorde:
Xehetasun bibliografikoak
Egile nagusia: Escott, John
Formatua: Liburua
Hizkuntza:Undetermined
Argitaratua: Đồng Nai Nxb. Đồng Nai 2009
Gaiak:
Etiketak: Etiketa erantsi
Etiketarik gabe, Izan zaitez lehena erregistro honi etiketa jartzen!
Thư viện lưu trữ: Trung tâm Học liệu Trường Đại học Cần Thơ
LEADER 01126nam a2200217Ia 4500
001 CTU_149450
008 210402s9999 xx 000 0 und d
020 |c 12000 
082 |a 823.9 
082 |b E74 
100 |a Escott, John 
245 0 |a Dead man's island 
245 0 |c John Escott 
260 |a Đồng Nai 
260 |b Nxb. Đồng Nai 
260 |c 2009 
520 |a Mr Ross lives on an island where no visitors come. He stops people from taking photographs of him. He is young and rich, but he looks sad. And there is one room in his house which is always locked. Carol Sanders and her mother come to the island to work for Mr Ross. Carol soon decides that there is something very strange about Mr Ross. Where did he get his money from? How can a young man buy an island? So she watches, and she listens - and one night she learns what is behind the locked door. 
650 |a English language,Short stories,Ngôn ngữ tiếng Anh,Truyện ngắn 
650 |x Readers,Người thích đọc sách 
904 |i Trọng Hiếu 
980 |a Trung tâm Học liệu Trường Đại học Cần Thơ